Kritici verejnoprávnosti hovoria o vyvlastnení

Bibliographic Details
Main Author: Janík, Branislav (Author)
Format: Article
Language:Slovak
ISSN:1335-4477
Subjects:

MARC

LEADER 00000nab a2200000 a 4500
001 vtls008949060
003 SK-MaSNL
005 20260305013938.0
008 140303c2006 xo wrzp 0 0slo
015 |a SNBRB2007/02  |2 snkbucl 
040 |a SNKBUCL  |b slo  |c SNKBUCL  |e AACR2 
041 0 |a slo 
044 |a xo  |c SK 
080 |a 369.26  |x (437.6)  |2 1997 
100 1 |a Janík, Branislav  |4 aut  |9 838464 
245 1 0 |a Kritici verejnoprávnosti hovoria o vyvlastnení  |c Branislav Janík 
610 2 7 |a Spoločná zdravotná poisťovňa (Slovensko)  |2 snkbucl  |9 848185 
610 2 7 |a Všeobecná zdravotná poisťovňa (Slovensko)  |2 snkbucl  |9 29692 
650 0 7 |a poistenie zdravotné verejnoprávne  |2 snkbucl  |9 1591722 
773 0 |t Zdravotnícke noviny  |g Roč. XII, č. 7 (2007), s. 5  |x 1335-4477 
852 |a SNK  |b KIS3GCP 
958 |a MI 
958 |a SK 
999 |c 3266830  |d 3268760